Normal view MARC view
  • Axelrod, Alan,

Entry Personal Name

Number of records used in: 1

001 - CONTROL NUMBER

  • control field: 153700

003 - CONTROL NUMBER IDENTIFIER

  • control field: DLC

005 - DATE AND TIME OF LATEST TRANSACTION

  • control field: 20260416094339.0

008 - FIXED-LENGTH DATA ELEMENTS

  • fixed length control field: 820630n| azannaabn |b aaa

010 ## - LIBRARY OF CONGRESS CONTROL NUMBER

  • LC control number: n 82089155
  • Canceled/invalid LC control number: n 92103829
  • Canceled/invalid LC control number: n 2002010917

035 ## - SYSTEM CONTROL NUMBER

  • System control number: (OCoLC)oca00785802

040 ## - CATALOGING SOURCE

  • Original cataloging agency: DLC
  • Language of cataloging: eng
  • Description conventions: rda
  • Transcribing agency: DLC
  • Modifying agency: DLC
  • Modifying agency: CtY
  • Modifying agency: OCoLC
  • Modifying agency: DLC

046 ## - SPECIAL CODED DATES

  • Birth date: 1952-08-25
  • Source of date scheme: edtf

100 1# - HEADING--PERSONAL NAME

  • Personal name: Axelrod, Alan,
  • Dates associated with a name: 1952-

377 ## - ASSOCIATED LANGUAGE

  • Language code: eng

400 1# - SEE FROM TRACING--PERSONAL NAME

  • Personal name: Axelrod, Alan David,
  • Dates associated with a name: 1952-

400 1# - SEE FROM TRACING--PERSONAL NAME

  • Personal name: Аксельрод, Алан,
  • Dates associated with a name: 1952-

670 ## - SOURCE DATA FOUND

  • Source citation: His Charles Brockden Brown, an American tale, 1983:
  • Information found: CIP t.p. (Alan Axelrod) data sheet, etc. (b. 8/25/52; Alan David Axelrod, assistant professor of English, Furman Univ.)

670 ## - SOURCE DATA FOUND

  • Source citation: The complete idiot's guide to American history, c2000:
  • Information found: t.p. (Alan Axelrod) cover (Alan Axelrod, Ph.D.)

670 ## - SOURCE DATA FOUND

  • Source citation: IdiotsGuides.com WWW home page, 12 Oct. 2004
  • Information found: (Alan Axelrod, Ph.D.; former staff reviewer of Down Beat magazine; jazz enthusiast; author of numerous Complete Idiot's guides; lives in Atlanta, Ga.)

670 ## - SOURCE DATA FOUND

  • Source citation: 100 turning points in American history, 2019:
  • Information found: ECIP t.p. (Alan Axelrod) data view (b. Aug. 25, 1952)
Devinim Yazılım Eğitim Danışmanlık tarafından Koha'nın orjinal sürümü uyarlanarak geliştirilip kurulmuştur.